|
|
|
|
| LEADER |
00000nam0a2200000 4500 |
| 001 |
141127 |
| 005 |
20231031142337.0 |
| 010 |
|
|
|a 9785926504528
|
| 035 |
|
|
|a (RuTPU)RU\TPU\book\152959
|
| 090 |
|
|
|a 141127
|
| 100 |
|
|
|a 20080729d2007 m y0rusy50 ca
|
| 101 |
0 |
|
|a rus
|
| 102 |
|
|
|a RU
|
| 105 |
|
|
|a y z 001ay
|
| 200 |
1 |
|
|a Казанова и Светлый Ангел. Оклеветанный рыцарь
|f О. Кувшинникова
|
| 210 |
|
|
|a Москва
|c Алгоритм
|d 2007
|
| 215 |
|
|
|a 240 с.
|
| 225 |
1 |
|
|a Биография любви
|
| 320 |
|
|
|a Список использованной литературы: с. 238.
|
| 330 |
|
|
|a Он помнил надпись на стекле гостиничного окна, которую начертала его возлюбленная: «Ты позабудешь и Генриетту». Нет, он не забыл ее! Он с грустью думал о том, что среди всех его женщин она была самой близкой и родной ему. Джакомо всегда верил в судьбу, и то, что Генриетта, именно Генриетта спасла его недавно от смерти, не было, конечно, случайностью. Она была его Светлым Ангелом, хранителем его жизни... Ах, если бы все сложилось по-другому!
|
| 610 |
1 |
|
|a русская литература
|
| 610 |
1 |
|
|a романы
|
| 610 |
1 |
|
|a исторические романы
|
| 610 |
1 |
|
|a любовные романы
|
| 675 |
|
|
|a Р2
|v 3
|
| 700 |
|
1 |
|a Кувшинникова
|b О.
|g Ольга
|
| 801 |
|
1 |
|a RU
|b 63413507
|c 20080729
|g PSBO
|
| 801 |
|
2 |
|a RU
|b 63413507
|c 20080918
|g PSBO
|
| 942 |
|
|
|c BK
|